00494nam a22001577a 450000500170000001000130001702000260003003500130005603700090006908200120007810000250009024500830011526000580019827000520025630000280030820210331155427.0 aB-738679 a9788126906581c350.00 aB-738679 bGift a330.156 aKeynes, John Maynard aThe general theory of employment, interest and money /cby John Maynard Keynes aNew DelhibAtlantic Publishers and Distributorsc2012 a7/22, Ansari Road, DaryaganjbNew Delhie110002 axlvi, 351p.c21cm(pbk)